[Event "Crema op 11th"]
[Site "Crema"]
[Date "2009.09.06"]
[Round "6"]
[White "Raimondi, Giorgio"]
[Black "Lorenzotti, Fabrizio"]
[Result "0-1"]
[WhiteElo "1428"]
[BlackElo "1733"]
[PlyCount "108"]
[EventDate "2009.09.04"]
[EventType "swiss"]
[EventRounds "6"]
[EventCountry "ITA"]
[SourceTitle "EXT 2011"]
[Source "ChessBase"]
[SourceDate "2010.11.26"]
[SourceVersion "1"]
[SourceVersionDate "2010.11.26"]
[SourceQuality "1"]

1. e4 c5 2. Nf3 d6 3. d4 cxd4 4. Nxd4 a6 5. Nc3 Nf6 6. Be3 Nc6 7. Be2 Bd7 8. 0-0 e6 9. f4 Nxd4 10. Bxd4 Bc6 11. Bd3 Be7 12. Qe2 b5 13. a3 Rc8 14. e5 dxe5 15. Bxe5 Nd5 16. Nxd5 Qxd5 17. Rae1 Bf6 18. Bxf6 gxf6 19. Rf2 Qc5 20. Qe3 Qh5 21. Be4 Bxe4 22. Qxe4 Qc5 23. c3 Rd8 24. f5 Rd2 25. Ree2 Rd1+ 26. Re1 Rd2 27. Ree2 Rd1+ 28. Re1 Rd2 29. Ref1 e5 30. g3 Qd5 31. Qxd5 Rxd5 32. Re2 0-0 33. Re4 Rfd8 34. Rf2 a5 35. Rfe2 Rd1+ 36. Kg2 R8d3 37. Kh3 Rf3 38. Kh4 Rxf5 39. g4 Rf3 40. Rg2 Rdd3 41. Rg3 Rxg3 42. hxg3 h6 43. c4 Rd2 44. Kh3 Rxb2 45. cxb5 Rxb5 46. Re3 a4 47. Rc3 Rb3 48. Rc8+ Kg7 49. Ra8 Rxa3 50. Kg2 Ra2+ 51. Kf3 Ra1 52. Kf2 a3 53. Ra6 Kg6 54. Ra4 f5 0-1

[Event "Amantea op-B 6th"]
[Site "Amantea"]
[Date "2008.09.07"]
[Round "8"]
[White "Lorenzotti, Fabrizio"]
[Black "Caporale, Giuseppe Guido"]
[Result "0-1"]
[WhiteElo "1712"]
[BlackElo "1820"]
[PlyCount "100"]
[EventDate "2008.08.31"]
[EventType "swiss"]
[EventRounds "9"]
[EventCountry "ITA"]
[SourceTitle "CBM 126 Extra"]
[Source "ChessBase"]
[SourceDate "2008.11.05"]
[SourceVersion "1"]
[SourceVersionDate "2008.11.05"]
[SourceQuality "1"]

1. e4 d5 2. exd5 Qxd5 3. Nc3 Qd6 4. d4 Nf6 5. h3 Bf5 6. Nf3 a6 7. a4 Nc6 8. Bd3 Bg6 9. Bxg6 hxg6 10. Be3 e6 11. 0-0 Be7 12. Qd3 Nb4 13. Qd2 Nbd5 14. Nxd5 Qxd5 15. Rac1 Qf5 16. Bf4 Nd5 17. Bg3 0-0-0 18. c3 f6 19. Qc2 Qxc2 20. Rxc2 Bd6 21. Bxd6 cxd6 22. c4 Nf4 23. Re1 Kd7 24. Re4 g5 25. Kf1 Rc8 26. c5 d5 27. Re3 Ng6 28. b4 Rc7 29. Nh2 Rhc8 30. Rd2 Ne7 31. g4 Ng6 32. Nf3 Rh8 33. Ng1 Nf4 34. b5 axb5 35. axb5 e5 36. dxe5 Rxc5 37. exf6 gxf6 38. f3 Rxb5 39. Ne2 Nxh3 40. Nc3 Ra5 41. Nxd5 Ra1+ 42. Ke2 Kc8 43. Nb6+ Kb8 44. Nd7+ Ka7 45. Re7 Nf4+ 46. Kf2 Rh2+ 47. Ke3 Ra3+ 48. Ke4 Rxd2 49. Kf5 Nd5 50. Rf7 Rxf3+ 0-1